000 01907nam a2200325 a 4500
003 OSt
005 20240306140045.0
008 240306s2022 mx a|||| |||| 001 0 spa d
020 _a978-607-458-144-7
020 _a978-607-458-145-4 (Volumen 1)
020 _a978-607-458-146-4 (Volumen 2)
020 _a978-607-458-147-8 (Volumen 3)
040 _cCHAP
_erda
082 0 0 _222
_a153.4
_bB36
100 1 _9160704
_aBaeza Gómez, Guadalupe
245 0 0 _aDestreza mental :
_bdesafios para estar mentalmente en forma /
_cpor Guadalupe Baeza Gómez y Rafael Enríquez Raya.
264 1 _aCiudad de México :
_bPublicaciones Interactivas,
_c2022.
300 _a3 volumenes + 4 CD +1 tablero + 1 paquete de 50 cartas + 1 paqutete de 75 cartas + 1 cronometro + 1 dado.
336 _2rdacontent
_atexto
_btxt
337 _2rdamedia
_asin medio
_bn
338 _2rdacarrier
_avolumen
_bnc
500 _aPara el uso de CD : requerimientos mínimos del sistema: Microsoft "Windows" 8, 8.1, 10 y 11. macOS 10.5 Leopard o superior, Unidad lectora de CD-ROM, Tarjeta de video de 512 MB, Resolución de pantalla 1280 X 720 pixeles, Procesador Dual Core de 2 Ghz, Memoria Ram 4 GB, Espacio mínimo requerido en Disco Duro de 4 GB.
505 _g V. 1. Herramientas para sus sentidos. -- V. 2. Orientación inicial. -- V. 3. 226 ejercicios para su mente. -- CD 1. Nivel básico. -- CD 2. Nivel intermedio. -- CD 3. Nivel avanzado. -- CD 4. Nivel experto. -- Juego desafio mental contiene: 1 tablero 44x68 cm papel couche, 75 tarjetas en cartulina de 8x5.5 cm y 1 dado. -- Juego ¿Qué me cuentas? contiene 50 tarjetas de cartulina de 8x5.5 cm y 1 cronómetro.
650 4 _9160705
_aCognición
_xProblemas y ejercicios
650 4 _9160707
_aMemoria
_xProblemas y ejercicios
650 4 _9143098
_aInteligencia humana
_xEvolución
700 1 _9188874
_aEnríquez Raya, Rafael
942 _2ddc
942 _cLIBRO
999 _c219784
_d219784